Jak řít s epilepsií

Bibliographic Details
Main Author: Laciga, Zdeněk, 1922- (Author)
Format: Article
Language:Slovak
Czech
PhysicalDescription:Lit. 28 zázn. v angl., češ., franc., nem., slov.
Subjects:

MARC

LEADER 00000nab a2200000 a 4500
001 vtls000580494
003 SK-MaSNL
005 20260304095612.0
008 250425c1995 xo 0 slo
015 |a SNBRB19rr/mm-uuuuu 
035 |a CL0580632 
035 |a urn:nbn:sk:snk-abakax 
035 |a (urnnbn)urn:nbn:sk:snk:ar-008frt 
035 |a (uuid)8f3b5358-efd2-4803-8eaa-41727dda9131 
040 |a SNKBUCL  |b slo  |c SNKBUCL  |e AACR2 
041 0 |a cze 
044 |a xo  |c SK 
080 |a 616.853:613.81  |2 1981 
080 |a 613.81  |2 1981 
100 1 |a Laciga, Zdeněk,  |d 1922-  |4 aut  |9 89781 
245 1 0 |a Jak řít s epilepsií  |c Zdeněk Laciga 
300 |b Lit. 28 zázn. v angl., češ., franc., nem., slov. 
650 0 7 |a epilepsia  |2 snkbucl  |9 13484 
650 0 7 |a alkohol  |2 snkbucl  |9 15497 
655 7 |a články z novín a časopisov  |2 snkbucl  |9 267496 
773 0 |t Česká a slovenská neurologie a neurochirurgie  |g Roč. 58/91, č. 3 (1995), s. 144-146 
850 |a Slovenská národná knižnica 
852 |a Slovenská národná knižnica 
954 |a odborná, vedecká literatúra cudzojazyčná (svetová)  |2 lita 
958 |a article14 
958 |a NB 
958 |a RK 
958 |a MI 
958 |a NX 
958 |a OND 
958 |a EUIPO 
992 |a RBX 
999 |c 2833617  |d 2835547